[Event "BCF-chT3E 2224 (4NCL)"]
[Site "England"]
[Date "2024.01.14"]
[Round "4.55"]
[White "Lawson, Maurice Elliot"]
[Black "O'Neill, Martin"]
[Result "1-0"]
[WhiteElo "2037"]
[BlackElo "1848"]
[PlyCount "87"]
[EventDate "2023.11.11"]
[EventType "team-tourn"]
[EventRounds "11"]
[EventCountry "ENG"]
[SourceTitle "CB11_2024"]
[SourceDate "2024.03.13"]
[SourceVersion "1"]
[SourceVersionDate "2024.03.13"]
[SourceQuality "1"]
[WhiteTeam "Kingston II"]
[BlackTeam "Poole Patzers"]
[WhiteTeamCountry "ENG"]
[BlackTeamCountry "ENG"]

1. e4 c5 2. Nc3 e6 3. f4 d5 4. d3 Nc6 5. Nf3 Be7 6. g3 h5 7. h3 b6 8. Bg2 Bb7 9. 0-0 g6 10. Qe1 d4 11. Nd1 Qd7 12. Nf2 0-0-0 13. Bd2 Nh6 14. c4 Bf6 15. b4 cxb4 16. Bxb4 Nxb4 17. Qxb4 Be7 18. Qb2 Bc5 19. Nd2 f5 20. Nb3 Qc7 21. Nxc5 Qxc5 22. Rab1 Kc7 23. Qd2 Bc6 24. Rfc1 Qa5 25. Qe2 Rhe8 26. e5 Bxg2 27. Kxg2 Qc5 28. Kg1 Qc6 29. Nd1 h4 30. gxh4 Nf7 31. Qg2 Rh8 32. Qg3 Rh5 33. Nf2 Rdh8 34. Rb5 a6 35. Rb4 Rxh4 36. c5 b5 37. Rxd4 Nxe5 38. Rd6 Nf3+ 39. Kf1 Qb7 40. Rd7+ Kxd7 41. c6+ Qxc6 42. Rxc6 Nd4 43. Rxa6 e5 44. Qxg6 1-0